LEADER 01335nam a2200265 i 4500 001 000000250181 003 CaOOAMICUS 005 20160718000000.0 008 160718s1895 xx u000 u lat u 013 $a229086 040 $aSeMil$bita 245 10$aSynodus dioecesana regiensis quam in majori urbis templo habuit vincentius Manicardi, episcopus et princeps, diebus 2, 3 et 4 octobris 1894. 260 $aRegii In Aemilia :$bpraelis vulgo degli Artigianelli,$c1895. 300 $aVIIJ, 470 ;$c24 cm. 500 $aLascito Card. C.M. Martini. 650 4$aSinodi diocesani - Sec. 19.$0(OLS)http://semarc/subject/1277 650 4$aSinodi diocesani - Reggio Emilia-Guastalla.$0(OLS)http://semarc/subject/9508 700 1 $aDiocesi di Reggio Emilia-Guastalla.$0(OLS)http://semarc/name/22128 700 1 $aManicardi, Vincenzo.$0(OLS)http://semarc/name/83357 850 $aSeMil 852 $aSeMil$W1$xVenegono$y1$m2J V 52 FA$j200527$B200527$CSeMilBibl$Z2$F212278 $8I 941 1 $a4 961 $aLascito: Martini Card. Carlo Maria 996 $6245$aSynodus dioecesana regiensis quam in majori urbis templo habuit vincentius Manicardi, episcopus et princeps, diebus 2, 3 et 4 octobris 1894$9(OLS)http://semarc/title/352397 996 $6260$aRegii In Aemilia :$bpraelis vulgo degli Artigianelli$9(OLS)http://semarc/publisher/55367 LEADER 00983nas a2200217 i 4500 001 000000221268 003 CaOOAMICUS 005 20130916000000.0 008 130701b2013 it uu u0 0spa r 013 $a200165 040 $aSeMil$bita 245 10$a2013 /$cDirector Domingo García Guillén ; Consejo de redacción Francisco Conesa Ferrer, Vicente V. Sáez Gonzálvez, Pedro Luis Vives Pérez. 260 $aAlicante :$bObispado de Orihuela-Alicante,$ccopyr. 2013. 300 $a431 p. ;$c24 cm. 500 $aArticoli con sintesi in spagnolo [Resumen] e in inglese [Abstract] in testa. 773 0 $tFacies Domini.$dAlicante : Obispado de Orihuela-Alicante, 2009.$x1889-5662$w()21656 850 $aSeMil 852 $aSeMil$W1$xVenegono$y1$m178 5 5$j171619$B171619$CSeMilBibl$Z2$F183156 $85 961 $aCambio: Scuola Cattolica 996 $6245$a2013$9(OLS)http://semarc/title/313687 996 $6260$aAlicante :$bObispado de Orihuela-Alicante$9(OLS)http://semarc/publisher/35568